[Event "Reykjavik Chess Congress 2018"]
[Site "Reykjavik"]
[Date "2018.01.21"]
[Round "4"]
[White "Mai, Aron Thor"]
[Black "Halldorsson, Bragi"]
[Result "1/2-1/2"]
[WhiteElo "2066"]
[BlackElo "2082"]
[Annotator "NA"]
[PlyCount "82"]
[EventDate "2018.??.??"]
[EventType "swiss"]
[EventCountry "ISL"]
[SourceTitle "playchess.com"]
[Source "ChessBase"]
[SourceQuality "1"]
[TimeControl "40/5400+30:900+30"]

1. e4 {[%emt 0:00:00]} c6 {[%emt 0:01:41]} 2. d4 {[%emt 0:00:00]} d5 {[%emt 0:00:08]} 3. Nd2 {[%emt 0:00:00]} dxe4 {[%emt 0:00:21]} 4. Nxe4 {[%emt 0:00:00]} Bf5 {[%emt 0:00:12]} 5. Ng3 {[%emt 0:00:06]} Bg6 {[%emt 0:00:10]} 6. h4 {[%emt 0:00:07]} h6 {[%emt 0:00:12]} 7. Nf3 {[%emt 0:00:09]} Nd7 {[%emt 0:00:09]} 8. h5 {[%emt 0:00:07]} Bh7 {[%emt 0:00:11]} 9. Bd3 {[%emt 0:00:10]} Bxd3 {[%emt 0:00:12]} 10. Qxd3 {[%emt 0:00:04]} e6 {[%emt 0:00:13]} 11. Bd2 {[%emt 0:00:31]} Ngf6 {[%emt 0:00:10]} 12. O-O-O {[%emt 0:00:13]} Qc7 {[%emt 0:05:51]} 13. Ne4 {[%emt 0:00:39]} Nxe4 {[%emt 0:00:25]} 14. Qxe4 {[%emt 0:00:06]} Nf6 {[%emt 0:00:07]} 15. Qe2 {[%emt 0:00:35]} Bd6 {[%emt 0:00:38]} 16. g3 {[%emt 0:01:51]} O-O-O {[%emt 0:00:09]} 17. c4 {[%emt 0:00:42]} c5 {[%emt 0:00:13]} 18. Kb1 {[%emt 0:01:59] LiveBook: 32 Games B19: Classical Caro-Kann: 4...Bf5 main line} (18. Bc3 cxd4 19. Nxd4 a6 20. Kb1 Rd7 21. Nb3 Qc6 22. Rh4 Rhd8 23. Rc1 Kb8 24. c5 Bc7 25. a3 Rd5 26. Rc4 Rd3 27. Nd4 Qe4 28. Qxe4 Nxe4 {1-0 (51) Piorun,K (2586)-Czarnota,P (2523) Poland 2015}) 18... cxd4 {[%emt 0:06:02]} 19. Nxd4 {[%emt 0:00:31]} Bc5 {[%emt 0:00:17]} 20. Nb3 {[%emt 0:08:45]} Rd7 $146 {[%emt 0:03:59]} ({Predecessor:} 20... Qc6 21. Bc3 Rhg8 22. Rxd8+ Rxd8 23. Re1 Rg8 24. g4 Be7 25. f3 Nd7 {½-½ (33) Jankunas,V (1844)-Kalnins,T Palanga 2011}) 21. Rc1 {[%emt 0:27:21]} Rhd8 {[%emt 0:03:44]} 22. Bc3 {[%emt 0:02:09]} Qc6 {[%emt 0:02:51]} 23. Rh4 {[%emt 0:02:13]} Bb6 {[%emt 0:04:47]} 24. c5 {[%emt 0:28:50]} Bc7 {[%emt 0:00:42]} 25. Rc4 {[%emt 0:04:25]} Rd3 {[%emt 0:04:09]} 26. Ba5 $11 {[%emt 0:11:39]} Qf3 {[%emt 0:00:38]} 27. Qe1 {[%emt 0:01:57]} Rd1 {[%emt 0:02:51]} 28. Qb4 {[%emt 0:00:55]} Rxc1+ {[%emt 0:06:01]} 29. Nxc1 {[%emt 0:01:01]} Bxa5 {[%emt 0:05:57]} 30. Qxa5 {[%emt 0:00:42]} Rd1 {[%emt 0:06:02]} 31. c6 {[%emt 0:03:10]} Qf5+ {[%emt 0:06:42]} 32. Qxf5 {[%emt 0:00:07]} exf5 {[%emt 0:00:08]} 33. cxb7+ {[%emt 0:00:24]} Kxb7 {[%emt 0:00:16]} 34. Rc5 {[%emt 0:00:57]} Rd5 {[%emt 0:01:41]} 35. Rxd5 {[%emt 0:00:26]} Nxd5 {[%emt 0:00:02]} 36. Nd3 {[%emt 0:00:19]} Nf6 {[%emt 0:01:14]} 37. Ne5 {[%emt 0:01:24]} Nxh5 {[%emt 0:00:32]} 38. Nxf7 {[%emt 0:00:20]} Kc6 {[%emt 0:00:19]} 39. Kc2 {[%emt 0:01:16]} Kd5 {[%emt 0:01:48]} 40. Kd3 {[%emt 0:00:00]} Nf6 {[%emt 0:02:58]} 41. Ke3 {[%emt 0:06:05]} Ng4+ {[%emt 0:02:14] Ke4+} 1/2-1/2

[Event "Reykjavik Chess Congress 2018"]
[Site "Reykjavik"]
[Date "2018.01.21"]
[Round "4"]
[White "Mai, Alexander Oliver"]
[Black "Viglundsson, Bjorgvin"]
[Result "1-0"]
[WhiteElo "1970"]
[BlackElo "2167"]
[Annotator "NA"]
[PlyCount "62"]
[EventDate "2018.??.??"]
[EventType "swiss"]
[EventCountry "ISL"]
[SourceTitle "playchess.com"]
[Source "ChessBase"]
[SourceQuality "1"]
[TimeControl "40/5400+30:900+30"]

1. e4 {[%emt 0:00:00]} d5 {[%emt 0:01:01]} 2. exd5 {[%emt 0:00:00]} Qxd5 {[%emt 0:00:43]} 3. Nc3 {[%emt 0:00:00]} Qd8 {[%emt 0:00:07]} 4. d4 {[%emt 0:00:31]} Nf6 {[%emt 0:03:28]} 5. Nf3 {[%emt 0:02:25]} Bg4 {[%emt 0:02:54]} 6. h3 {[%emt 0:04:19]} Bxf3 {[%emt 0:03:48] B01: Scandinavian Defence} 7. Qxf3 {[%emt 0:00:22]} c6 {[%emt 0:00:02]} 8. Be3 {[%emt 0:02:19]} (8. Ne2 e6 9. g4 Qd5 10. Bg2 Nbd7 11. Qg3 Qc4 12. Qb3 Qxb3 13. axb3 Bd6 14. c4 {0-1 (50) Caruana,F (2801)-Carlsen,M (2877) Tromsoe 2014}) 8... e6 {[%emt 0:00:09]} 9. Bd3 {[%emt 0:02:00]} Nbd7 {[%emt 0:00:12]} 10. O-O {[%emt 0:02:46]} Be7 {[%emt 0:00:38]} 11. Rad1 {[%emt 0:09:18]} O-O {[%emt 0:00:52]} 12. Ne4 {[%emt 0:05:58]} Nxe4 {[%emt 0:01:31]} 13. Qxe4 {[%emt 0:01:10]} Nf6 {[%emt 0:00:15]} 14. Qf3 {[%emt 0:01:37]} Qd5 $146 {[%emt 0:01:08]} 15. Qxd5 {[%emt 0:02:08]} cxd5 {[%emt 0:00:10]} 16. f4 {[%emt 0:11:18]} g6 {[%emt 0:03:05]} 17. Kf2 {[%emt 0:02:50]} Nd7 {[%emt 0:07:45]} 18. g4 {[%emt 0:02:44]} f5 {[%emt 0:00:44]} 19. g5 {[%emt 0:05:46]} Rfc8 {[%emt 0:03:13]} 20. h4 {[%emt 0:06:06]} a6 {[%emt 0:01:17]} 21. h5 {[%emt 0:05:09]} b5 {[%emt 0:04:01]} 22. hxg6 {[%emt 0:00:49]} hxg6 {[%emt 0:00:03]} 23. Rh1 {[%emt 0:02:19]} Bf8 {[%emt 0:00:23]} 24. Bd2 {[%emt 0:03:09]} Bg7 {[%emt 0:00:48]} 25. Ke3 {[%emt 0:02:01]} Nb6 {[%emt 0:09:13]} 26. b3 {[%emt 0:00:39]} Rc6 $16 {[%emt 0:03:05]} 27. Bb4 {[%emt 0:01:28]} Nc8 {[%emt 0:03:11]} 28. Bc5 {[%emt 0:01:04]} Nd6 {[%emt 0:00:20]} 29. Bxd6 {[%emt 0:00:34]} Rxd6 {[%emt 0:00:02]} 30. Ra1 {[%emt 0:03:00]} Rc8 {[%emt 0:08:00]} 31. a4 {[%emt 0:01:06]} b4 {[%emt 0:00:14] Ke4} 1-0

[Event "Reykjavik Chess Congress 2018"]
[Site "Reykjavik"]
[Date "2018.01.21"]
[Round "4"]
[White "Baldursson, Haraldur"]
[Black "Stefansson, Vignir Vatnar"]
[Result "0-1"]
[WhiteElo "1942"]
[BlackElo "2304"]
[Annotator "NA"]
[PlyCount "52"]
[EventDate "2018.??.??"]
[EventType "swiss"]
[EventCountry "ISL"]
[SourceTitle "playchess.com"]
[Source "ChessBase"]
[SourceQuality "1"]
[TimeControl "40/5400+30:900+30"]

1. d4 {[%emt 0:00:00]} f5 {[%emt 0:00:08]} 2. Nf3 {[%emt 0:01:43]} Nf6 {[%emt 0:00:05]} 3. c4 {[%emt 0:01:10]} g6 {[%emt 0:00:04]} 4. Nc3 {[%emt 0:00:43]} Bg7 {[%emt 0:00:05]} 5. g3 {[%emt 0:00:27]} O-O {[%emt 0:00:06]} 6. Bg2 {[%emt 0:00:23]} d6 {[%emt 0:00:11]} 7. O-O {[%emt 0:04:01]} c6 {[%emt 0:00:32]} 8. d5 {[%emt 0:10:24]} e5 {[%emt 0:00:05]} 9. e4 {[%emt 0:14:41]} Na6 {[%emt 0:15:40] LiveBook: 9 Games A88: Dutch Defence: Leningrad System: 5 Nf3 0-0 6 0-0 d6 7 Nc3 c6} (9... cxd5 10. cxd5 Na6 11. exf5 gxf5 12. Nh4 f4 13. a3 Bg4 14. Qc2 Rc8 15. Bd2 b5 16. b4 Rc4 17. h3 {0-1 (57) Kovalenko,I (2694)-Anton Guijarro,D (2630) Reykjavik 2015}) 10. dxc6 {[%emt 0:09:10]} bxc6 {[%emt 0:00:18]} 11. Qe2 $146 {[%emt 0:04:03]} ({Predecessor:} 11. exf5 $11 {bleibt in der Remisbreite.} Bxf5 12. Bg5 Nc5 13. Nd2 Qc7 14. b4 Ne6 15. Bxf6 Bxf6 {1-0 (38) Priehoda,V (2365)-Ruckschloss,K (2315) Sala 1991}) 11... fxe4 {[%emt 0:07:31]} 12. Nxe4 {[%emt 0:05:05]} Nxe4 {[%emt 0:00:26]} 13. Qxe4 {[%emt 0:00:10]} d5 {[%emt 0:04:06]} 14. Qe2 {[%emt 0:04:38]} e4 {[%emt 0:01:49]} 15. Nd2 $2 {[%emt 0:00:39]} (15. Ng5 $15) 15... Nb4 {[%emt 0:06:20]} 16. a3 {[%emt 0:09:09]} Nc2 {[%emt 0:01:48]} 17. Ra2 {[%emt 0:05:07]} Nd4 {[%emt 0:02:20]} 18. Qd1 {[%emt 0:08:24]} Nf5 {[%emt 0:02:44]} 19. Nb3 $2 {[%emt 0:05:37]} (19. b4 $1 $11 {und Weiss ist OK.}) 19... Ba6 {[%emt 0:00:35]} 20. Nd2 {[%emt 0:07:07]} e3 {[%emt 0:07:25]} 21. fxe3 {[%emt 0:01:12]} Qb6 {[%emt 0:00:12]} 22. cxd5 {[%emt 0:04:02]} (22. Kh1 $142 Nxe3 23. Rxf8+ Rxf8 24. Qg1) 22... Nxe3 {[%emt 0:01:42]} 23. Rxf8+ {[%emt 0:00:40]} Rxf8 {[%emt 0:00:02]} 24. Qb3 {[%emt 0:01:51]} Qxb3 {[%emt 0:00:52]} 25. Nxb3 {[%emt 0:00:10]} Nxg2 {[%emt 0:00:05]} 26. Nc5 {[%emt 0:01:18]} Bd4+ {[%emt 0:00:07]} 0-1

[Event "Reykjavik Chess Congress 2018"]
[Site "Reykjavik"]
[Date "2018.01.24"]
[Round "5"]
[White "Ragnarsson, Dagur"]
[Black "Loftsson, Hrafn"]
[Result "1/2-1/2"]
[WhiteElo "2332"]
[BlackElo "2163"]
[Annotator "TA"]
[PlyCount "107"]
[EventDate "2018.??.??"]
[EventType "swiss"]
[EventCountry "ISL"]
[SourceTitle "playchess.com"]
[Source "ChessBase"]
[SourceQuality "1"]

{[%evp 20,107,20,22,19,0,0,7,4,0,0,0,0,0,-5,-16,-16,-33,14,5,16,-22,-37,-41,-34,-41,-23,-24,-18,-25,-20,-14,-22,-22,-20,-11,0,-24,-14,-58,-54,-83,-60,-63,-22,-45,-41,-114,0,0,0,0,0,0,0,0,40,5,11,0,25,10,16,10,22,13,11,0,0,-5,-9,-1,0,-5,-7,-33,0,0,0,0,0,0,0,0,0,0,0,0,0,0]} 1. d4 d6 2. g3 g6 3. Bg2 Bg7 4. Nf3 Nd7 5. c4 e5 6. Nc3 Ne7 7. O-O O-O 8. e4 exd4 9. Nxd4 Nc6 10. Nde2 Nc5 11. Be3 {LiveBook: 42 Games. A42: Modern Defence: Averbakh Variation} Bg4 (11... f5 12. exf5 Bxf5 13. Nd4 Nxd4 14. Bxd4 a5 15. Nd5 Qd7 16. Re1 Rae8 17. Qd2 Ne4 18. Bxe4 Bxe4 19. Bxg7 Qxg7 {½-½ (49) Svidler,P (2753)-Guseinov,G (2613) Dubai 2014}) 12. f3 $146 ({Find the theoretical novelty and annotate with similar games:} 12. Qc2 a5 13. f3 Be6 14. Rad1 b6 15. b3 a4 16. Nb5 axb3 17. axb3 Nb4 18. Qd2 Ra2 19. Qxb4 Rxe2 {1-0 (45) Blagojevic,D (2457)-Nikcevic,N (2429) Bar 2017}) 12... Be6 13. b3 f5 14. Qd2 fxe4 15. fxe4 Qd7 16. Nf4 Ne5 17. Rac1 c6 18. Nce2 a5 19. Rcd1 Bg4 20. h3 Bxe2 $1 21. Qxe2 {[#] Threatens to win with Bxc5.} Qe7 22. Qd2 Nf7 23. Rfe1 Rfe8 24. Qc2 Be5 25. a3 {[%cal Ba2a3,Ba3b4,Bb4b5][%mdl 32]} Rf8 26. b4 axb4 27. axb4 Ne6 28. Rd3 Ra6 29. b5 Ra5 30. Qe2 Rfa8 31. Qg4 Ng7 32. bxc6 bxc6 33. c5 (33. Rb3 $15) 33... Ra1 (33... dxc5 $17 {White must now prevent ...Bd4!} 34. Rd7 Qe8) 34. Rxa1 $1 $11 Rxa1+ 35. Kh2 Ra8 36. cxd6 Bxd6 37. Qd1 Rd8 38. Bb6 Rb8 39. Be3 Ne8 40. Qc2 Ne5 41. Rd1 Qf7 42. Bd4 Qb3 43. Qe2 Ra8 44. Ra1 Rxa1 45. Bxa1 Nf6 46. Bxe5 Bxe5 47. Nd3 Qc3 48. Nxe5 {The position is equal.} Qxe5 49. Qc4+ Kg7 50. Qxc6 h5 51. Qb7+ Kh6 52. Qc8 {[#] White wants to mate with Qh8+.} Kg7 53. Qb7+ Kh6 54. Qc8 {Precision: White = 48%, Black = 71%.} 1/2-1/2

[Event "Reykjavik Chess Congress 2018"]
[Site "Reykjavik"]
[Date "2018.01.24"]
[Round "5"]
[White "Stefansson, Vignir Vatnar"]
[Black "Jonsson, Gauti Pall"]
[Result "0-1"]
[WhiteElo "2304"]
[BlackElo "2161"]
[Annotator "TA"]
[PlyCount "78"]
[EventDate "2018.??.??"]
[EventType "swiss"]
[EventCountry "ISL"]
[SourceTitle "playchess.com"]
[Source "ChessBase"]
[SourceQuality "1"]

{[%evp 18,78,20,26,21,25,24,16,36,39,78,62,59,75,129,98,181,56,123,133,130,113,124,118,118,130,129,132,126,135,129,87,81,9,23,0,0,0,43,27,0,36,31,45,25,12,77,0,294,296,332,-343,-299,-29971,-29972,-29972,-29973,-29973,-29974,-29974,-29973,-6187,-6139]} 1. Nf3 Nf6 2. d4 e6 3. Bf4 d5 4. e3 c5 5. c3 Be7 6. Nbd2 O-O 7. Bd3 Nc6 8. Ne5 Nxe5 9. dxe5 Nd7 {D02: 1 d4 d5 2 Nf3 sidelines, including 2...Nf6 3 g3 and 2...Nf6 3 Bf4} 10. Qh5 {[%csl Gd3][%cal Rh5h7] LiveBook: 3 Games} g6 $1 {[%cal Rg6h5]} (10... f5 11. g4 c4 12. Bc2 Nc5 13. gxf5 exf5 14. Rg1 Qe8 15. Qh6 Qf7 16. Nf3 Kh8 17. Qh3 {1-0 (30) Oliva Castaneda,K (2497)-Gutierrez Olivares,D (2352) Barbera del Valles 2017}) 11. Qg4 f5 {White has an edge.} 12. Qg3 Bh4 $146 ({Find the theoretical novelty and annotate with similar games:} 12... c4 13. Bc2 Bh4 14. Qh3 g5 15. Bg3 Nxe5 16. Bxh4 gxh4 17. Nf3 Nxf3+ 18. gxf3 {½-½ (46) Simonsen,H (2179)-Samuelsen,C (2257) Vestmanna 2011}) 13. Qh3 $1 Bg5 14. Bxg5 Qxg5 15. f4 Qd8 (15... Qe7 $142) 16. g4 $16 Qb6 (16... b5 $16 {keeps fighting.}) 17. Rb1 (17. gxf5 $18 exf5 18. Qf3) 17... c4 (17... Rf7 $14) 18. Bc2 $1 Nc5 ({But not} 18... fxg4 $6 19. Qg3 $11) 19. Ke2 Bd7 20. Nf3 {Threatens to win with Ng5.} Rf7 21. gxf5 exf5 22. Rhd1 Ba4 23. Bxa4 Nxa4 24. Ng5 Rg7 25. Qf3 (25. Qh6 $1 $16) 25... Rd8 $11 26. Rxd5 {Ne6! is the strong threat.} Rgd7 27. Rbd1 Qxb2+ 28. Kf1 Rxd5 29. Rxd5 Re8 30. Nxh7 {Nf6+ would kill now.} Nxc3 ({Worse is} 30... Kxh7 31. Rd7+ Kg8 32. Qd5+ Kh8 33. Qf7 Qc1+ 34. Kg2 Qd2+ 35. Rxd2) 31. Nf6+ Kf7 (31... Kf8 $1 $11) 32. Nxe8 $40 {[%mdl 128] White has some attack.} (32. h4 $1 $16) 32... Qb1+ $2 {[%mdl 8192]} (32... Kxe8 $11 {and Black stays safe.} 33. a4 Ke7) 33. Kg2 $18 Qxa2+ {[#]} 34. Kg3 $4 {[%mdl 8192]} (34. Kh3 $1 $18 {was the only winning move. Intending Rd7+ and mate.} Kxe8 35. Rd6) 34... Kxe8 $19 35. Kh4 $2 (35. Kh3 $19 Nxd5 36. Qxd5) 35... Qxh2+ 36. Kg5 {[#]} Qh7 $1 37. Rd4 Ne4+ 38. Rxe4 fxe4 39. Qf1 Ke7 {Precision: White = 61%, Black = 54%.} 0-1

[Event "Reykjavik Chess Congress 2018"]
[Site "Reykjavik"]
[Date "2018.01.25"]
[Round "5"]
[White "Ptacnikova, Lenka"]
[Black "Mai, Alexander Oliver"]
[Result "1-0"]
[WhiteElo "2218"]
[BlackElo "1970"]
[Annotator "RC"]
[PlyCount "159"]
[EventDate "2018.??.??"]
[EventType "swiss"]
[EventCountry "ISL"]
[SourceTitle "playchess.com"]
[Source "ChessBase"]
[SourceQuality "1"]
[TimeControl "40/5400+30:900+30"]

1. c4 {[%emt 0:00:55]} e6 {[%emt 0:00:52]} 2. Nf3 {[%emt 0:00:13]} Nf6 {[%emt 0:00:45]} 3. e3 {[%emt 0:05:27]} d5 {[%emt 0:00:28]} 4. b3 {[%emt 0:00:18]} Be7 {[%emt 0:00:13]} 5. Bb2 {[%emt 0:00:07]} O-O {[%emt 0:00:21]} 6. Be2 {[%emt 0:00:05]} b6 {[%emt 0:01:31]} 7. O-O {[%emt 0:00:12]} Bb7 {[%emt 0:00:23]} 8. cxd5 {[%emt 0:01:29]} exd5 {[%emt 0:01:05]} 9. d4 {[%emt 0:00:17]} Nbd7 {[%emt 0:02:05]} 10. Nc3 {[%emt 0:00:33]} Re8 {[%emt 0:06:49]} 11. Rc1 {[%emt 0:01:13]} c6 {[%emt 0:02:20]} 12. Rc2 {[%emt 0:01:56]} Bd6 {[%emt 0:01:24]} 13. Qc1 {[%emt 0:00:41]} Qe7 {[%emt 0:02:38]} 14. Rd1 {[%emt 0:08:05]} Rac8 {[%emt 0:11:19]} 15. a3 {[%emt 0:05:16]} a5 {[%emt 0:03:50]} 16. Na4 {[%emt 0:01:12]} b5 {[%emt 0:05:07]} 17. Nc5 {[%emt 0:00:32]} Bxc5 {[%emt 0:04:52]} 18. dxc5 {[%emt 0:03:51]} Ne4 {[%emt 0:02:29]} 19. Bd4 {[%emt 0:05:49]} Nf8 {[%emt 0:01:42]} 20. b4 {[%emt 0:05:42]} a4 {[%emt 0:04:35]} 21. Bd3 {[%emt 0:04:44]} Ng6 {[%emt 0:03:09]} 22. Qb2 {[%emt 0:01:32]} f6 {[%emt 0:04:38]} 23. Qa2 {[%emt 0:04:34]} Rcd8 {[%emt 0:02:04]} 24. Ba1 {[%emt 0:10:42]} Qf7 {[%emt 0:08:22]} 25. Rcc1 {[%emt 0:05:50]} Bc8 {[%emt 0:05:27]} 26. Nd4 {[%emt 0:03:20]} Bd7 {[%emt 0:00:17]} 27. f3 {[%emt 0:16:44]} Ng5 {[%emt 0:00:28]} 28. Qf2 {[%emt 0:06:39]} Ne7 {[%emt 0:02:06]} 29. h4 {[%emt 0:02:52]} Ne6 {[%emt 0:00:07]} 30. Nc2 {[%emt 0:01:59]} Ng6 {[%emt 0:01:17]} 31. f4 {[%emt 0:01:00]} Nef8 {[%emt 0:03:37]} 32. Nd4 {[%emt 0:00:10]} Ne7 {[%emt 0:01:10]} 33. Re1 {[%emt 0:01:31]} Ne6 {[%emt 0:03:25]} 34. Nf3 {[%emt 0:00:16]} Nc7 {[%emt 0:01:10]} 35. Qc2 {[%emt 0:00:22]} Qh5 {[%emt 0:01:08]} 36. Nd4 {[%emt 0:00:55]} Qxh4 {[%emt 0:01:05]} 37. f5 {[%emt 0:00:18]} Qh5 {[%emt 0:02:22]} 38. Rf1 {[%emt 0:00:13]} Kh8 {[%emt 0:05:30]} 39. Rf3 {[%emt 0:00:14]} Ng8 {[%emt 0:02:40]} 40. Rcf1 {[%emt 0:00:00]} Qg5 {[%emt 0:03:22]} 41. Bb2 {[%emt 0:06:44]} Nh6 {[%emt 0:04:40]} 42. Bc1 {[%emt 0:02:02]} Qh5 {[%emt 0:06:00]} 43. Rh3 {[%emt 0:02:18]} Qf7 {[%emt 0:00:02]} 44. Rf4 {[%emt 0:03:52]} Rg8 {[%emt 0:00:42]} 45. Rfh4 {[%emt 0:00:24]} Rde8 {[%emt 0:00:50]} 46. g4 {[%emt 0:01:21]} Re7 {[%emt 0:00:18]} 47. Qh2 {[%emt 0:00:12]} Ne8 {[%emt 0:00:53]} 48. Bd2 {[%emt 0:00:15]} Re4 {[%emt 0:00:45]} 49. Be1 {[%emt 0:02:29]} Qe7 {[%emt 0:00:44]} 50. Bf2 {[%emt 0:00:24]} Qe5 {[%emt 0:00:48]} 51. Bg3 {[%emt 0:00:25]} Qe7 {[%emt 0:00:31]} 52. Bf4 {[%emt 0:00:18]} Rxd4 {[%emt 0:03:25]} 53. exd4 {[%emt 0:00:16]} Qe1+ {[%emt 0:00:08]} 54. Bf1 {[%emt 0:00:20]} Qe4 {[%emt 0:00:50]} 55. Qd2 {[%emt 0:01:10]} Qe7 {[%emt 0:00:26]} 56. Bg2 {[%emt 0:00:27]} Bc8 {[%emt 0:00:40]} 57. Qe3 {[%emt 0:01:31]} Qf7 {[%emt 0:00:13]} 58. Kf1 {[%emt 0:00:37]} Bd7 {[%emt 0:00:04]} 59. Qg3 {[%emt 0:00:26]} Qe7 {[%emt 0:00:12]} 60. Bf3 {[%emt 0:00:26]} Qf7 {[%emt 0:00:05]} 61. Qe1 {[%emt 0:00:33]} Bc8 {[%emt 0:00:06]} 62. Rh2 {[%emt 0:00:19]} Qf8 {[%emt 0:00:30]} 63. Bxh6 {[%emt 0:00:52]} gxh6 {[%emt 0:00:04]} 64. Rxh6 {[%emt 0:00:44]} Rg7 {[%emt 0:00:01]} 65. Re2 {[%emt 0:00:22]} Bd7 {[%emt 0:00:14]} 66. Rhh2 {[%emt 0:00:13]} Qg8 {[%emt 0:00:08]} 67. Rh1 {[%emt 0:00:25]} Nc7 {[%emt 0:00:05]} 68. Re7 {[%emt 0:00:21]} Qf8 {[%emt 0:00:53]} 69. Rxg7 {[%emt 0:00:31]} Qxg7 {[%emt 0:00:01]} 70. Qe3 {[%emt 0:00:16]} Ne8 {[%emt 0:00:19]} 71. Rh2 {[%emt 0:00:17]} Nc7 {[%emt 0:00:21]} 72. Re2 {[%emt 0:00:15]} h5 {[%emt 0:00:12]} 73. Rh2 {[%emt 0:00:21]} Be8 {[%emt 0:00:08]} 74. Kf2 {[%emt 0:00:31]} Kg8 {[%emt 0:00:09]} 75. gxh5 {[%emt 0:00:08]} Qh7 {[%emt 0:00:10]} 76. Qf4 {[%emt 0:00:29]} Kf8 {[%emt 0:00:12]} 77. h6 {[%emt 0:00:14]} Na6 {[%emt 0:00:04]} 78. Qd6+ {[%emt 0:00:26]} Kf7 {[%emt 0:00:29]} 79. Bh5+ {[%emt 0:00:43]} Kg8 {[%emt 0:00:01]} 80. Rg2+ {[%emt 0:00:25]} 1-0

[Event "Reykjavik Chess Congress 2018"]
[Site "Reykjavik"]
[Date "2018.01.24"]
[Round "5"]
[White "Viglundsson, Bjorgvin"]
[Black "Mai, Aron Thor"]
[Result "1-0"]
[WhiteElo "2167"]
[BlackElo "2066"]
[Annotator "TA"]
[PlyCount "47"]
[EventDate "2018.??.??"]
[EventType "swiss"]
[EventCountry "ISL"]
[SourceTitle "playchess.com"]
[Source "ChessBase"]
[SourceQuality "1"]

{[%evp 22,47,62,44,63,58,58,56,68,53,54,50,52,38,37,35,42,16,340,335,356,236,514,512,493,475,566,554]} 1. d4 Nf6 2. c4 g6 3. Nc3 Bg7 4. e4 d6 5. Bd3 {[%cal Bf1d3,Bd3b1,Bb1c2][%mdl 32]} O-O 6. Nge2 Nfd7 7. O-O Nc6 8. Be3 e5 9. d5 Nd4 10. Bb1 Nxe2+ {E70: Königsindisch (Weiß spielt früh e2-e4)} 11. Qxe2 a5 12. Bc2 {LiveBook: 6 Partien} b6 {Weiß steht etwas besser.} 13. f3 Nf6 {[%cal Bd7f6,Bf6h5,Bh5f4][%mdl 32] [#]} 14. Bg5 $146 ({Vorgänger:} 14. a3 Nh5 15. b4 Nf4 16. Qd2 Ba6 17. Bb3 Qe7 18. Kh1 {0-1 (28) Moiseenko,A (2667)-Kokarev,D (2615) Riadh 2017}) 14... h6 15. Bh4 Bd7 16. a3 Qc8 17. b4 axb4 18. axb4 Nh5 19. c5 {[%cal Bc4c5,Bc5c6][%mdl 32] [#] Droht stark c6.} Rb8 $2 {[%mdl 8192]} (19... Nf4 $11 {und Schwarz muss sich keine Sorgen machen.} 20. Qe3 Nxg2 21. Kxg2 Bh3+ 22. Kg1 Bxf1 23. Rxf1 Ra3) 20. c6 $18 Nf4 21. Qa6 Be8 $2 (21... g5 22. cxd7 Qxa6 23. Rxa6 gxh4) 22. Qxc8 {Weiß steht klar auf Gewinn.} Rxc8 23. Be7 h5 24. g3 1-0

[Event "Reykjavik Chess Congress 2018"]
[Site "Reykjavik"]
[Date "2018.01.24"]
[Round "5"]
[White "Heimisson, Hilmir Freyr"]
[Black "Jensson, Einar Hjalti"]
[Result "1-0"]
[WhiteElo "2136"]
[BlackElo "2336"]
[Annotator "TA"]
[PlyCount "77"]
[EventDate "2018.??.??"]
[EventType "swiss"]
[EventCountry "ISL"]
[SourceTitle "playchess.com"]
[Source "ChessBase"]
[SourceQuality "1"]

{[%evp 9,77,80,80,77,70,54,70,57,72,67,66,30,20,0,0,0,126,-9,-13,-56,-41,-87,-6,-39,0,0,0,0,0,0,0,-67,-89,-79,-81,-90,-58,-84,-23,-25,-21,-18,-20,-36,-19,-52,240,231,704,681,1222,1014,1078,783,704,574,799,808,29992,1282,1073,799,1106,1108,1065,1071,973,958,29995,29994]} 1. e4 c6 2. d4 d5 3. exd5 cxd5 4. Bf4 Qb6 (4... Nc6 5. c3 e6 6. Nd2 Bd6 7. Bxd6 Qxd6 8. Qg4 g6 9. Ngf3 f6 10. O-O-O Kf7 11. Bd3 Nge7 12. Rde1 h5 13. Qg3 Qxg3 14. hxg3 {0-1 (86) Artemiev,V (2696)-Fedoseev,V (2718) Moscow 2017}) 5. Nc3 Nf6 6. Nb5 $1 {[%cal Rb5c7] Threatens to win with Nc7+. B13: Caro-Kann: Exchange Variation and Panov-Botvinnik Attack} Na6 7. h3 $146 ({Predecessor:} 7. Nf3 Bd7 8. a4 g6 9. Bd3 Bg7 10. O-O O-O 11. Re1 {0-1 (49) Reich,T (2391)-Plat,V (2419) Germany 2012}) 7... Bf5 8. Nf3 {White is slightly better.} e6 9. c3 Be7 10. Be2 O-O 11. O-O Rfc8 12. a4 Nb8 (12... h6 $11) 13. a5 (13. Bc7 $16 Qc6 14. Ne5) 13... Qd8 $1 $11 14. Bxb8 Rcxb8 15. a6 Nd7 (15... Qc8 $17 16. Qa4 Nh5) 16. b3 Qb6 (16... Qc8 $5 {[%cal Rb7a6]} 17. c4 bxa6 $15) 17. c4 $1 bxa6 18. c5 Qb7 19. Nc3 Qxb3 20. Qxb3 ({Better is} 20. Qc1 $11) 20... Rxb3 $15 21. Rfc1 Nb8 22. Bd1 Rb7 23. Ba4 Rc7 ({Black should play} 23... h6 $17) 24. g4 $1 $11 {[%cal Rg4f5]} Bg6 25. Ne5 Bg5 26. Rd1 Kf8 27. Ra2 Ke7 $2 {[%mdl 8192] [#]} (27... Bf6 $15 28. f4 Bxe5 29. fxe5 Nc6) 28. Re2 $1 $18 Kf6 $2 {[#]} (28... Kf8 29. f4 Bf6) 29. f4 $1 {[%mdl 512]} Bh4 (29... Bxf4 30. Rf1) 30. g5+ Bxg5 31. fxg5+ Kxg5 32. Rf1 Bf5 {[#] and the idea ...g6 leaves Black hopeful.} 33. h4+ $1 {[%mdl 512]} Kf6 {[#]} (33... Kxh4 34. Nxd5) 34. Ng4+ (34. Rxf5+ $142 $1 {[%mdl 512]} exf5 35. Nxd5+ Ke6 36. Nxc7+ Kf6 37. Nxa8 g6 38. Rb2 Ke6 39. Rxb8) 34... Kg6 35. Ne3 Bd3 36. Rg2+ Kh6 37. Ng4+ Kh5 38. Ne5 {Intending Rg5+ and mate.} Be4 39. Bd1+ {Precision: White = 50%, Black = 25%.} 1-0